Statystyki dla Wszystkie węzły autostrady A1

Kliknij tutaj aby rozwiązać quiz!

Ogólne statystyki

  • Ten quiz został rozwiązany 77 razy
  • Średni wynik to 22 z 50

Statystyki odpowiedzi

Węzeł% Poprawnych
Łódź Północ
80%
Grudziądz
73%
Łódź Południe
71%
Częstochowa Północ
69%
Radomsko
67%
Częstochowa Południe
64%
Gliwice Sośnica
62%
Pyrzowice
60%
Toruń Południe
56%
Tuszyn
56%
Bytom
55%
Kamieńsk
55%
Piekary Śląskie
55%
Żory
53%
Łódź Wschód
51%
Nowe Marzy
51%
Rybnik
51%
Gorzyce
47%
Pelplin
47%
Piotrków Trybunalski Zachód
47%
Kutno Północ
45%
Rusocin
45%
Ciechocinek
44%
Kutno Wschód
44%
Piątek
44%
Warlubie
44%
Włocławek Północ
44%
Włocławek Zachód
44%
Zabrze Północ
44%
Zabrze Zachód
44%
Gliwice Wschód
42%
Swarożyn
42%
Kowal
40%
Bełchatów
38%
Lubicz
38%
Mszana
38%
Woźniki
38%
Częstochowa Jasna Góra
36%
Częstochowa Blachownia
35%
Brzeziny
33%
Knurów
31%
Lisewo
31%
Stanisławie
31%
Turzno
31%
Kopytkowo
25%
Świerklany
25%
Łódź Górna
20%
Mykanów
20%
Nowa Wieś
18%
Dębieńsko
16%

Rozkład punktacji

Percentyl według liczby udzielonych odpowiedzi

Procent ludzi z każdym wynikiem

Twoja historia wyników

Nie rozwiązałeś tego quizu